| 000 | 00608na a2200217 4500 | ||
|---|---|---|---|
| 001 | 19106 | ||
| 003 | MIRAKIL | ||
| 005 | 20181213154936.0 | ||
| 008 | 161208b tu 000 0 | ||
| 040 |
_aMilas _btur _cTR-AnCHP |
||
| 041 | _atur | ||
| 082 |
_aCHP 324.2372 _bÖ99c 2008 |
||
| 090 | _aCHP 324.2372 Ö99c 2008 | ||
| 100 |
_aÖzyurt, Mustafa _cCHP Bursa milletvekili _cCHP Parti Meclisi üyesi |
||
| 245 |
_aCHP kurultayları _cMustafa Özyurt |
||
| 260 |
_aAnkara _b[yayl. y.] _c2008 |
||
| 300 |
_a22 s. _c20 sm. |
||
| 610 |
_aCHP _xTarih |
||
| 610 |
_aCHP _xKurultaylar _yTarih |
||
| 942 |
_2ddc _cBKS |
||
| 999 |
_c3579 _d3579 |
||